| 000 | 00864nam a2200229 i 4500 | ||
|---|---|---|---|
| 001 | 181899 | ||
| 003 | ES-MaACL | ||
| 005 | 20231019162929.0 | ||
| 008 | 130506s1997 sp | |||| ||spa d | ||
| 020 | _a84-226-6634-0 Círculo de Lectores | ||
| 020 | _a84-8109-143-X Galaxia Gutenberg | ||
| 080 | _a821.162.3-23"19" | ||
| 100 | 1 |
_aHavel, Václav ( _d1936-2011) _9152691 |
|
| 245 | 1 | 0 |
_aLargo desolato y otras obras / _cVáclav Havel ; traducción, selección y prólogo de Monika Zgustová. |
| 260 | 0 |
_aBarcelona : _bCírculo de Lectores : _bGalaxia Gutenberg, _c[1997] |
|
| 300 |
_a475 p. ; _c22 cm. |
||
| 700 | 0 |
_aZgustová, Monika. _9118222 |
|
| 852 |
_aES-MaACL _jA-12586 _9188807 _bR.148755 _cDEPO1 _dOlim: N-5589 _xDonación: Centro Cultural Checo |
||
| 914 |
_9234348 _aCentro Cultural Checo _ednr |
||
| 942 |
_2udc _cMONOGRAFIA |
||
| 999 |
_c181899 _d181899 |
||